000 00580nam a2200145Ia 4500
008 231129s2007||||xx |||||||||||||| ||spa||
020 _a958-44-0709-2
040 _bspa
082 _a323.3293 F634d
100 _aFlóres López Jesús Alfonso
245 0 _aDerecho a la alimentación y al territorio en el Pací­fico colombiano : regional Pací­fico
260 _c2007
264 _a[S.l.] : Diócesis de Tumaco ; Diócesis de Quibdó ; Vicariato Apostólico de Guapi ; Diócesis de Buenaventura ; Diócesis de Itsmina
942 _2ddc
_cBKS
999 _c8957
_d8957